01128nam a2200121 4500008001300000082001800013100003200031245001100063260004700074300002100121505082300142650004100965821.92 L998m a821.92bL998m aLytton Regalado, Alexandra  aMatria aEstados UnidosbBlack Lawrence Pressc2014 a89c24 x 16.5 cm tEl ChandeliertSalvadoran Road BingotLOTERIA ItLa CachiporristatLa LluviatLa EnfermeratLa Papalota tLa Quinceañera tLa CañatLa MesatLa JícaratLa MonedatLa MoscatLa VecinatLa JarratLa MaestratLa Calavera tLa Gallina tLA SEMILLAtHombres de Maíz: Variations on Mayan Creation Story tLand OtReturn to the house on the Cul-de-SactFine or nothingtFrom everglades series #22, Chromogenic Print with Flash Whisbone tFrom everglades series #22, Chromogenic Print with Flash Whisbone tWhisbone tThis is Grace, He saystRip the StitchestChabelita Sings Cielito Lindo as She Sweeps the Dining Room Floor tChabelita clears de Table tLOTERIA IItLa Medusa tChabelita clears de Table tChabelita clears de Table tChabelita clears de Table tChabelita clears de Table tChabelita clears de Table  xliteraturaxpoesíaxEstados Unidos